| 000 | 00867nam a22002177a 4500 | ||
|---|---|---|---|
| 999 |
_c4129 _d4129 |
||
| 003 | AR-CdUCM | ||
| 008 | 190308b ||||| |||| 00| 0 spa d | ||
| 040 |
_aMUNICIPALIDAD PROVINCIAL DEL CUSCO _cBIBLIOTECA MUNICIPAL DEL CUSCO |
||
| 082 |
_a708.6 / _bSU86 |
||
| 100 |
_aSubias Galter, Juan _913083 |
||
| 245 | _aEl arte como espectáculo / | ||
| 260 |
_aBarcelona : _bCientífico-Médica, _c1964. |
||
| 300 |
_a224 páginas ; _bilustraciones, mapas, planos, _c21 cm. |
||
| 440 |
_aBiblioteca de actividades humanas , sección Artes. _n1 _913084 |
||
| 505 | _aContenido: El arte como espectáculo -- Ciudades, catedrales, cenobios -- El arte de saber ver -- El arte en los Museos -- El arte en los caminos -- El arte en las Ciudades ... | ||
| 650 |
_aArtistas _9394 |
||
| 650 |
_aArqueología _9371 |
||
| 650 |
_aEspaña _9176 |
||
| 942 |
_2ddc _cLIBROS |
||
| 945 | _aachl | ||